000 00310nam a22001337a 4500
008 171013b xxu||||| |||| 00| 0 eng d
020 _a9780205024872
041 _aeng
080 _25TH
_a316
100 _a51
101 _aSOC
245 _aSOCIAL PROBLEMS IN A DIVERSE SOCIETY
_cKENDALL,D
942 _2udc
_cBK
999 _c33765
_d33765